Carta de suelos de la República Argentina hoja 3560-7 y 8, L. N. Alem - Junín /

Guardado en:
Autor Corporativo: Instituto Nacional de Tecnología Agropecuaria (Argentina). Centro de Investigación de Recursos Naturales.
Formato: Mapa
Idioma:Undetermined
Publicado: Buenos Aires : INTA, 1980.
Materias:
Etiquetas: Agregar Etiqueta
Sin Etiquetas, Sea el primero en etiquetar este registro!
LEADER 01032nem a22001695a 4500
001 EEA.libagro010177
005 20190510112006.0
008 141015s1980####ag########a#####1###und#d
082 0 4 |a 631.4782 
110 2 |a Instituto Nacional de Tecnología Agropecuaria (Argentina).  |b Centro de Investigación de Recursos Naturales. 
245 1 0 |a Carta de suelos de la República Argentina  |h [material cartográfico] :  |b hoja 3560-7 y 8, L. N. Alem - Junín /  |c Instituto Nacional de Tecnología Agropecuaria, [Centro de Investigación de Recursos Naturales, Unidad de Reconocimiento de Suelos]. 
255 |a Escala 1:50.000 
260 |a Buenos Aires :  |b INTA,  |c 1980. 
300 |a 87 p. :  |b il. ;  |c 28 cm. +  |e 7 fotocartas pleg. en sobre. 
505 0 |a Hoja 3560-7-1 Estación Fortín Acha -- Hoja 3560-7-2 Fortín Tiburcio -- Hoja 3560- 7-4 Saforcada -- Hoja 3560-8-1 Rafael Obligado -- Hoja 3560-8-2 Inés Indart -- Hoja 3560-8-3, Junín -- Hoja 3560-8-4 O'Higgins. 
651 7 |a Argentina 
859 |a AR-BbBCA  |b BIB. AGRONOMIA  |h 631.4782  |i A691 3560-7/8  |p 1988/1118